<?xml version="1.0" encoding="UTF-8"?>
<record
    xmlns:xsi="http://www.w3.org/2001/XMLSchema-instance"
    xsi:schemaLocation="http://www.loc.gov/MARC21/slim http://www.loc.gov/standards/marcxml/schema/MARC21slim.xsd"
    xmlns="http://www.loc.gov/MARC21/slim">

  <leader>02875nam a22003497i 4500</leader>
  <controlfield tag="003">Do-SdINT</controlfield>
  <controlfield tag="005">20250702153835.0</controlfield>
  <controlfield tag="008">040225s2024    sp      s    |||| 0|spa d</controlfield>
  <datafield tag="020" ind1=" " ind2=" ">
    <subfield code="a">978-84-10054-17-2</subfield>
  </datafield>
  <datafield tag="040" ind1=" " ind2=" ">
    <subfield code="a">DO-CGIP0053</subfield>
    <subfield code="e">rda</subfield>
    <subfield code="b">spa</subfield>
    <subfield code="c">DO-CGIP0053</subfield>
  </datafield>
  <datafield tag="072" ind1=" " ind2=" ">
    <subfield code="a">CSH</subfield>
  </datafield>
  <datafield tag="245" ind1="1" ind2="0">
    <subfield code="a">Nuevos escenarios psicol&#xF3;gicos, educativos y sociales en la educaci&#xF3;n superior /</subfield>
    <subfield code="c">Isabel Mar&#xED;a Mercader Rubio [y otros 3] (coords.)</subfield>
  </datafield>
  <datafield tag="264" ind1=" " ind2=" ">
    <subfield code="a">Barcelona, Espa&#xF1;a : </subfield>
    <subfield code="b">Octaedro,</subfield>
    <subfield code="c">2024</subfield>
  </datafield>
  <datafield tag="300" ind1=" " ind2=" ">
    <subfield code="a">1 recurso en l&#xED;nea (208 p&#xE1;ginas)</subfield>
  </datafield>
  <datafield tag="336" ind1=" " ind2=" ">
    <subfield code="a">texto</subfield>
    <subfield code="b">txt</subfield>
    <subfield code="2">rdacontent</subfield>
  </datafield>
  <datafield tag="337" ind1=" " ind2=" ">
    <subfield code="a">computadora</subfield>
    <subfield code="b">c</subfield>
    <subfield code="2">rdamedia</subfield>
  </datafield>
  <datafield tag="338" ind1=" " ind2=" ">
    <subfield code="a">recurso en l&#xED;nea</subfield>
    <subfield code="b">c</subfield>
    <subfield code="2">rdacarrier</subfield>
  </datafield>
  <datafield tag="347" ind1=" " ind2=" ">
    <subfield code="a">archivo de texto</subfield>
    <subfield code="b">PDF</subfield>
    <subfield code="2">rda</subfield>
  </datafield>
  <datafield tag="490" ind1="0" ind2=" ">
    <subfield code="a">Horizontes-Universidad ;</subfield>
  </datafield>
  <datafield tag="505" ind1=" " ind2=" ">
    <subfield code="a">Introducci&#xF3;n 11 -- La reciprocidad entre la inteligencia emocional, la sostenibilidad y el desarrollo social en el &#xE1;mbito universitario 15 -- La competencia digital a trav&#xE9;s de la educaci&#xF3;n superior como medio para la sostenibilidad y el desarrollo social 29 -- La inteligencia emocional docente como factor protector resiliente en profesores y profesoras de universidad 43 -- Hacia un futuro inclusivo: avances y desaf&#xED;os en la educaci&#xF3;n superior 61 -- Alumnado con discapacidad en el aula universitaria: el papel del docente para la atenci&#xF3;n a la diversidad y el desarrollo de la resiliencia 77 -- Metodolog&#xED;as para la formaci&#xF3;n inicial del profesorado en interculturalidad 93 -- C&#xF3;mo dise&#xF1;ar situaciones de aprendizaje en educaci&#xF3;n f&#xED;sica: del curr&#xED;culo al aula 103 -- Educaci&#xF3;n F&#xED;sica y modelos pedag&#xF3;gicos para una universidad m&#xE1;s inclusiva: el modelo de responsabilidad personal y social y el aprendizaje cooperativo 123 -- El poder de los elementos tipogr&#xE1;ficos en el proceso de lectura: protocolos experimentales utilizando eye tracking 141 -- C&#xF3;mo desarrollar la ense&#xF1;anza musical, desde una realidad inclusiva, en la Educaci&#xF3;n Superior 157 --El aprendizaje basado en juegos para favorecer las competencias cognitivas del alumnado con dificultades de aprendizaje 171 -- Intervenci&#xF3;n social educativa integral ante la violencia escolar 181</subfield>
  </datafield>
  <datafield tag="506" ind1="0" ind2=" ">
    <subfield code="a">Open Access</subfield>
  </datafield>
  <datafield tag="650" ind1=" " ind2="7">
    <subfield code="a">Educaci&#xF3;n superior</subfield>
    <subfield code="2">ARMARC</subfield>
    <subfield code="9">32230</subfield>
    <subfield code="x">Aspectos psicol&#xF3;gicos </subfield>
  </datafield>
  <datafield tag="650" ind1=" " ind2="7">
    <subfield code="a">Educaci&#xF3;n superior</subfield>
    <subfield code="2">ARMARC</subfield>
    <subfield code="9">32230</subfield>
    <subfield code="x">Aspectos sociales</subfield>
  </datafield>
  <datafield tag="650" ind1=" " ind2="7">
    <subfield code="a">Psicolog&#xED;a educativa</subfield>
    <subfield code="2">ARMARC</subfield>
    <subfield code="9">37154</subfield>
  </datafield>
  <datafield tag="650" ind1=" " ind2="7">
    <subfield code="a">Sociolog&#xED;a de la educaci&#xF3;n</subfield>
    <subfield code="2">ARMARC</subfield>
    <subfield code="9">38177</subfield>
  </datafield>
  <datafield tag="700" ind1=" " ind2=" ">
    <subfield code="a">Mercader Rubio, Isabel Mar&#xED;a </subfield>
    <subfield code="4">coord.</subfield>
    <subfield code="9">109455</subfield>
    <subfield code="e">coordinador</subfield>
  </datafield>
  <datafield tag="700" ind1=" " ind2=" ">
    <subfield code="a">Guti&#xE9;rrez &#xC1;ngel, Nieves </subfield>
    <subfield code="4">coord.</subfield>
    <subfield code="9">109454</subfield>
    <subfield code="e">coordinador</subfield>
  </datafield>
  <datafield tag="700" ind1=" " ind2=" ">
    <subfield code="a">Fern&#xE1;ndez Mart&#xED;nez, Mar&#xED;a del Mar </subfield>
    <subfield code="4">coord.</subfield>
    <subfield code="9">109456</subfield>
    <subfield code="e">coordinador</subfield>
  </datafield>
  <datafield tag="700" ind1=" " ind2=" ">
    <subfield code="a">P&#xE9;rez Esteban, Mar&#xED;a Dolores </subfield>
    <subfield code="4">coord.</subfield>
    <subfield code="9">109457</subfield>
    <subfield code="e">coordinador</subfield>
  </datafield>
  <datafield tag="856" ind1=" " ind2=" ">
    <subfield code="y">Acceso a Texto Completo</subfield>
    <subfield code="u">https://opacbiblioteca.intec.edu.do/opac-tmpl/files/recursoselectronicos/9788410054172.pdf</subfield>
  </datafield>
  <datafield tag="942" ind1=" " ind2=" ">
    <subfield code="c">E-BOOK</subfield>
    <subfield code="2">ddc</subfield>
  </datafield>
  <datafield tag="999" ind1=" " ind2=" ">
    <subfield code="c">13460</subfield>
    <subfield code="d">13460</subfield>
  </datafield>
  <datafield tag="952" ind1=" " ind2=" ">
    <subfield code="0">0</subfield>
    <subfield code="1">0</subfield>
    <subfield code="2">ddc</subfield>
    <subfield code="4">0</subfield>
    <subfield code="7">0</subfield>
    <subfield code="a">IDEICE</subfield>
    <subfield code="b">IDEICE</subfield>
    <subfield code="d">2025-07-02</subfield>
    <subfield code="l">0</subfield>
    <subfield code="r">2025-07-02 15:37:32</subfield>
    <subfield code="w">2025-07-02</subfield>
    <subfield code="y">LIB</subfield>
  </datafield>
</record>
